| 000 | 01851nam a2200325 i 4500 | ||
|---|---|---|---|
| 999 |
_c65251 _d65251 |
||
| 001 | 768714001 | ||
| 003 | CO-MdFUSB | ||
| 005 | 20220623062547.0 | ||
| 008 | 190924t1998 sp |||| |||| 00| 0 spa d | ||
| 020 | _a9788479532048 | ||
| 040 |
_aCO-MdFUSB _bspa _cCO-MdFUSB _dCO-MdFUSBC _erda |
||
| 041 |
_aspa _hfre |
||
| 082 |
_223 _aG294.34 _bM744m |
||
| 240 | _aLe moine et le philosophe | ||
| 245 | 1 | 3 |
_aEl monje y el filósofo : _b¿es el budismo una respuesta a las inquietudes del hombre de hoy? _c/ Jean-François Revel ; Matthieu Ricard ; traducido por Juan José del Solar. |
| 264 | 1 |
_aBarcelona, España : _bEdiciones Urano, _c[1998] |
|
| 264 | 4 | _c© 1998 | |
| 300 |
_a326 páginas _c; 22 cm |
||
| 336 |
_2rdacontent _atexto _btxt |
||
| 337 |
_2rdamedia _asin mediación _bn |
||
| 338 |
_2rdacarrier _avolumen _bnc |
||
| 505 | _aDe la investigación científica a la búsqueda espiritual. -- ¿Religión o filosofía?. -- El fantasma de la caja negra. -- ¿Una ciencia de la mente?. -- sobre la metafísica budista. -- Acción sobre el mundo y acción sobre uno mismo. -- El budismo y Occidente. -- Espiritualidad religiosa y espiritualidad laica. -- ¿De dónde nace la violencia?. -- Sabiduría, ciencia y política. -- Bandera roja. sobre el techo del mundo. -- El budismo: decadencia y renacimiento. -- Fe, rito y superstición. -- El budismo y la muerte. -- El individuo rey. -- Budismo y psicoanálisis. -- Influencias culturales y tradición espiritual. -- Sobre el progreso y la novedad. -- El monje interroga al filósofo. -- Conclusión del filósofo. -- Conclusión del monje. | ||
| 563 | _aRústico | ||
| 653 | _aBudismo | ||
| 700 |
_92537 _a Revel, Jean-François. _eautor |
||
| 700 |
_92538 _a Ricard, Matthieu. _eautor |
||
| 700 |
_aSolar, Juan José del. _etraductor _94080 |
||
| 942 | _cBK | ||
| 945 | _aJTF-925 | ||